000 00330nam a22001337a 4500
008 180209b xxu||||| |||| 00| 0 eng d
020 _a705005001
041 _aeng
080 _a321
100 _a19
101 _aSHP
245 _aThe Political Power of Economic Ideas Keynesianism across Nations
_cHall, P.A
942 _2udc
_cBK
999 _c42264
_d42264